000 00395nam a2200121Ia 4500
008 160712s9999 xx 000 0 und d
100 _aAngeles, Mark.
245 _cMark Angeles
_aMula sa Engkantado
260 _c2011
_bLikhaan: The Journal of Contemporary Philippine Literature
300 _avol. 5
650 _xTULA
856 _uhttp://journals.upd.edu.ph/index.php/lik/issue/view/295/showToc
999 _c297669
_d297669